Biologie cellulaire : 80 Fiches (notice n° 2155150)
[ vue normale ]
| 000 -LEADER | |
|---|---|
| fixed length control field | 00637cam a2200133 4500500 |
| 005 - DATE AND TIME OF LATEST TRANSACTION | |
| control field | 20260405032507.0 |
| 041 ## - LANGUAGE CODE | |
| Language code of text/sound track or separate title | fre |
| 042 ## - AUTHENTICATION CODE | |
| Authentication code | dc |
| 100 10 - MAIN ENTRY--PERSONAL NAME | |
| Personal name | Anselme, Bruno |
| Relator term | author |
| 245 00 - TITLE STATEMENT | |
| Title | Biologie cellulaire : 80 Fiches |
| 260 ## - PUBLICATION, DISTRIBUTION, ETC. | |
| Name of publisher, distributor, etc. | Dunod,<br/> |
| Date of publication, distribution, etc. | 2011.<br/> |
| 520 ## - SUMMARY, ETC. | |
| Summary, etc. | 80 fiches de 2 pages couvrant l'ensemble des notions utiles à un étudiant en première année d'études supérieures (L1 de sciences de la vie, PAES, prépas BCPST). Chaque fiche comprend 1 à 2 schémas synthétiques en deux couleurs. |
| 856 41 - ELECTRONIC LOCATION AND ACCESS | |
| Uniform Resource Identifier | <a href="https://stm.cairn.info/maxi-fiches-de-biologie-cellulaire--9782100552610?lang=fr&redirect-ssocas=7080">https://stm.cairn.info/maxi-fiches-de-biologie-cellulaire--9782100552610?lang=fr&redirect-ssocas=7080</a> |
Pas d'exemplaire disponible.




Réseaux sociaux